000 00367nam a2200157 a 4500
001 1761540178470
003 ACL
005 20251027101420.0
008 251027s2025##################000#0#eng##
020 _a9788131508695
082 0 4 _a658.87
_bTOW
100 1 _aTownsley,
_eauthor.
245 1 0 _aRetail Business 2000 :
942 _cENGLISH
040 _aACL
_beng
_cACL
999 _c594186
_d594186